No tengáis miedo

Salvato in:
Dettagli Bibliografici
Autore principale: Frossard, André (Autore)
Natura: Libro
Lingua:spagnolo
Pubblicazione: Barcelona Plaza & Janes 1982
Soggetti:
Tags: Aggiungi Tag
Nessun Tag, puoi essere il primo ad aggiungerne!!

MARC

LEADER 00000nam a2200000 a 4500
001 UCY9914
003 CL-VaPUC
008 950724e19820000SP |||||||||||||||||spa|d
082 0 4 |a 922.21  |b FRO  |2 21 
100 0 |a Frossard, André  |e author  |9 342466 
245 1 0 |a No tengáis miedo 
246 1 0 |a André Frossard dialoga con Juan Pablo II 
300 |a 264 p 
942 |c BK 
945 |d 19950724 00:00:00  |a mfernand 
260 |a Barcelona  |b Plaza & Janes  |c 1982 
600 0 7 |a JUAN PABLO II, PAPA  |2 CL-VaPUC  |9 257113 
600 0 |a Iglesia católica  |9 255129 
650 0 |a Biografías  |9 255210 
583 |a last modification  |c 20170524 03:39:56  |k Rodrigo Vera 
999 |c 236901  |d 236899 
952 |0 0  |1 0  |4 0  |6 922_210000000000000_FRO_1982  |7 0  |8 A  |9 245297  |a BIBEDU  |b BIBEDU  |d 2019-11-18  |i 1539280  |o 922.21 FRO 1982  |p 1539280  |r 2019-11-18  |w 2019-11-18  |y BK  |k EDU